000 00512nam a2200169Ia 4500
003 LDD
008 190117s9999 xx 000 0 und d
020 _c₹30
040 _cLDD
041 _ahi
082 _a8H3.7 या 6246 मे
100 _aयादव, राजेन्द्र
245 0 _aमेरी प्रिय कहानियाँ
_cराजेन्द्र यादव
260 _aदिल्ली
_bराजपाल
_c1990
300 _a140प्र.
942 _2ddc
_cH
999 _c167719
_d167719